<?xml version="1.0" encoding="UTF-8"?>
<record
    xmlns:xsi="http://www.w3.org/2001/XMLSchema-instance"
    xsi:schemaLocation="http://www.loc.gov/MARC21/slim http://www.loc.gov/standards/marcxml/schema/MARC21slim.xsd"
    xmlns="http://www.loc.gov/MARC21/slim">

  <leader>00357nam a2200169Ia 4500</leader>
  <datafield tag="100" ind1=" " ind2=" ">
    <subfield code="a">Theraja/Reema </subfield>
  </datafield>
  <datafield tag="650" ind1=" " ind2=" ">
    <subfield code="a">Data warehousing</subfield>
  </datafield>
  <datafield tag="942" ind1=" " ind2=" ">
    <subfield code="c">BK</subfield>
  </datafield>
  <datafield tag="366" ind1=" " ind2=" ">
    <subfield code="f">20</subfield>
  </datafield>
  <datafield tag="654" ind1=" " ind2=" ">
    <subfield code="a">data warehousing</subfield>
  </datafield>
  <datafield tag="245" ind1=" " ind2=" ">
    <subfield code="a">Data warehousing</subfield>
  </datafield>
  <datafield tag="260" ind1=" " ind2=" ">
    <subfield code="b">Oxford university press</subfield>
    <subfield code="c">2009</subfield>
  </datafield>
  <datafield tag="082" ind1=" " ind2=" ">
    <subfield code="a">4.56</subfield>
    <subfield code="b">THE</subfield>
  </datafield>
  <datafield tag="300" ind1=" " ind2=" ">
    <subfield code="a">474</subfield>
  </datafield>
  <datafield tag="546" ind1=" " ind2=" ">
    <subfield code="a">ENGLISH</subfield>
  </datafield>
  <datafield tag="999" ind1=" " ind2=" ">
    <subfield code="c">34992</subfield>
    <subfield code="d">34992</subfield>
  </datafield>
  <datafield tag="952" ind1=" " ind2=" ">
    <subfield code="0">0</subfield>
    <subfield code="1">0</subfield>
    <subfield code="4">0</subfield>
    <subfield code="7">0</subfield>
    <subfield code="8">CRC</subfield>
    <subfield code="a">CRCE</subfield>
    <subfield code="b">CRCE</subfield>
    <subfield code="d">2023-03-17</subfield>
    <subfield code="e">Milan Book Supplier</subfield>
    <subfield code="g">216.00</subfield>
    <subfield code="i">2054 dt 15/01/2010</subfield>
    <subfield code="l">0</subfield>
    <subfield code="o">4.56 THE</subfield>
    <subfield code="p">20355</subfield>
    <subfield code="r">2023-03-17</subfield>
    <subfield code="v">270.00</subfield>
    <subfield code="w">0000-00-00</subfield>
    <subfield code="y">BK</subfield>
  </datafield>
  <datafield tag="952" ind1=" " ind2=" ">
    <subfield code="0">0</subfield>
    <subfield code="1">0</subfield>
    <subfield code="4">0</subfield>
    <subfield code="7">0</subfield>
    <subfield code="8">CRC</subfield>
    <subfield code="a">CRCE</subfield>
    <subfield code="b">428</subfield>
    <subfield code="d">2023-03-17</subfield>
    <subfield code="e">Milan Book Supplier</subfield>
    <subfield code="g">216.00</subfield>
    <subfield code="i">2054 dt 15/01/2010</subfield>
    <subfield code="l">1</subfield>
    <subfield code="o">4.56 THE</subfield>
    <subfield code="p">20356</subfield>
    <subfield code="r">2025-05-14</subfield>
    <subfield code="s">2025-04-24</subfield>
    <subfield code="v">270.00</subfield>
    <subfield code="w">0000-00-00</subfield>
    <subfield code="y">BK</subfield>
  </datafield>
  <datafield tag="952" ind1=" " ind2=" ">
    <subfield code="0">0</subfield>
    <subfield code="1">0</subfield>
    <subfield code="4">0</subfield>
    <subfield code="7">0</subfield>
    <subfield code="8">CRC</subfield>
    <subfield code="a">CRCE</subfield>
    <subfield code="b">CRCE</subfield>
    <subfield code="d">2023-03-17</subfield>
    <subfield code="e">Milan Book Supplier</subfield>
    <subfield code="g">216.00</subfield>
    <subfield code="i">2054 dt 15/01/2010</subfield>
    <subfield code="l">0</subfield>
    <subfield code="o">4.56 THE</subfield>
    <subfield code="p">20357</subfield>
    <subfield code="r">2023-03-17</subfield>
    <subfield code="v">270.00</subfield>
    <subfield code="w">0000-00-00</subfield>
    <subfield code="y">BK</subfield>
  </datafield>
  <datafield tag="952" ind1=" " ind2=" ">
    <subfield code="0">0</subfield>
    <subfield code="1">0</subfield>
    <subfield code="4">0</subfield>
    <subfield code="7">0</subfield>
    <subfield code="8">CRC</subfield>
    <subfield code="a">CRCE</subfield>
    <subfield code="b">428</subfield>
    <subfield code="d">2023-03-17</subfield>
    <subfield code="e">Milan Book Supplier</subfield>
    <subfield code="g">216.00</subfield>
    <subfield code="i">2054 dt 15/01/2010</subfield>
    <subfield code="l">4</subfield>
    <subfield code="o">4.56 THE</subfield>
    <subfield code="p">20358</subfield>
    <subfield code="r">2025-03-19</subfield>
    <subfield code="s">2025-02-12</subfield>
    <subfield code="v">270.00</subfield>
    <subfield code="w">0000-00-00</subfield>
    <subfield code="y">BK</subfield>
  </datafield>
  <datafield tag="952" ind1=" " ind2=" ">
    <subfield code="0">0</subfield>
    <subfield code="1">0</subfield>
    <subfield code="4">0</subfield>
    <subfield code="7">0</subfield>
    <subfield code="8">CRC</subfield>
    <subfield code="a">CRCE</subfield>
    <subfield code="b">CRCE</subfield>
    <subfield code="d">2023-03-17</subfield>
    <subfield code="e">Milan Book Supplier</subfield>
    <subfield code="g">216.00</subfield>
    <subfield code="i">2054 dt 15/01/2010</subfield>
    <subfield code="l">0</subfield>
    <subfield code="o">4.56 THE</subfield>
    <subfield code="p">20359</subfield>
    <subfield code="r">2023-03-17</subfield>
    <subfield code="v">270.00</subfield>
    <subfield code="w">0000-00-00</subfield>
    <subfield code="y">BK</subfield>
  </datafield>
</record>
